1750 1655 1364 1896 1334 1771 1704 1249 1020 1033 1379 1375 1756 1071 1356 1987 1713 1144 1243 1886 1995 1918 1849 1808 1562 1448 1240 1555 1622 1380 1415 1083 1008 1205 1269 1830 1748 1963 1915 1464 1612 1417 1735 1848 1598 1334 1595 1142 1646 1855 1439 1178 1431 1784 1912 1822 1160 1375 1211 1252 1450 1823 1004 1648 1313 1565 1186 1941 1885 1963 1973 1318 1023 1028 1916 1043 1868 1410 1832 1523 1561 1898 1832 1365 1562 1511 1112 1667 1522 1369 1976 1803 1278 1716 1272 1254 1327 1580 1989 BCNSPRNW ULIB Ver.6.0+V

เปลี่ยนเป็นภาษาไทย

Change to English
 แสดงรายละเอียดบรรณานุกรม
  กลับหน้าหลัก

Brief Record : Get Marc (ISO 2709) : E-mail record : QR code < ปิดหน้าต่าง
LEADER : 00000nam 2200000uu 4500
001    13399124627
003     ULIB
008    151030s2558||||th 000 0 tha d
020    ^a9789749687916
050  4 ^aBJ2007.T5^bส691ม
110 2  ^aสำนักงานคณะกรรมการวัฒนธรรมแห่งชาติ
245 00 ^aมารยาทไทย /^cสำนักงานคณะกรรมการวัฒนธรรมแห่งชาติ
250    พิมพ์ครั้งที่ 7
260    ^aกรุงเทพฯ :^bโรงพิมพ์คุรุสภาลาดพร้าว,^c2558.
300    ^a60 หน้า :^bภาพประกอบสี ;^c21 ซม.
650  4 ^aมารยาทและการสมาคม
651  4 ^aไทย^xความเป็นอยู่และประเพณี
945    ^p0^l0^i000161
999    ^aเกษร โพธิ์สุวรรณ
รายการนี้ยังไม่มีแท็ก
คุณยังไม่ได้ล็อกอิน คุณสามารถมีกิจกรรมร่วมกับเว็บไซต์ได้ แต่ต้องล็อกอินก่อน ::
  ล็อกอิน

รายการสื่อสารสนเทศ

ลำดับที่ ประเภท เลขเรียก/บาร์โค้ด สถานที่ สถานะ
1. การศึกษาทั่วไป
หนังสือสำรอง
สถานะ=หนังสือสำรอง
BJ2007.T5 ส691ม ฉ.1 
  Barcode: 000161
ห้องสมุดวิทยาเขตสวรรค์ประชารักษ์
►หนังสือทั่วไป
บนชั้น

รายการใกล้เคียง
    หัวเรื่อง [มารยาทและการสมาคม]

BibComment


ยังไม่เคยถูกคอมเมนท์

คอมเมนท์ทรัพยากรรายการนี้
  คอมเมนท์: มารยาทไทย สำนัก..


 Copyright 2026. Bcnsprnw @Library